000 00309nam a22001337a 4500
008 170620b xxu||||| |||| 00| 0 eng d
020 _a1555870813
041 _aeng
080 _a338
100 _a20
101 _aSHP
245 _aCUBAT SOCIALIST ECONOMY TOWARD 1990
_cZIMBALIST.A
942 _2udc
_cBK
999 _c18322
_d18322